000
00298nam a22001337a 4500
008
171023b xxu||||| |||| 00| 0 eng d
020
_a
0070241147
041
_a
eng
080
_2
5TH
_a
311
100
_a
55
101
_a
STA
245
_a
STATISTICAL QUALITY CONTROL
_c
GRANT,E.L
942
_2
udc
_c
BK
999
_c
35509
_d
35509